| Поле | Инд. | ПП | Название | Значение |
|---|---|---|---|---|
| Тип записи | a | |||
| Библиографический уровень | b | |||
| 001 | Контрольный номер | RU/IS/BASE/260015079 | ||
| 005 | Дата корректировки | 20200630210234.5 | ||
| 008 | Кодируемые данные | 20080328 | ||
| 040 | b | Код языка каталог. | rus | |
| e | Правила каталог. | PSBO | ||
| 041 | 0_ | a | Код языка текста | rus |
| 084 | a | Индекс другой классификации/Индекс ББК | 74.002; 74.022 | |
| 100 | 1_ | a | Автор | Кусаинова М. А. |
| q | Полное имя | Кусаинова Маншук Аскаровна | ||
| 245 | 10 | a | Заглавие | Психолого-гуманистические принципы обучения: стратегия реализации |
| 504 | a | Библиография | Библиогр.: 15 назв. | |
| 650 | 04 | a | Основная рубрика | образование |
| a | Основная рубрика | общее образование (школьное образование) | ||
| a | Основная рубрика | педагогика; дидактика | ||
| a | Основная рубрика | педагогика школы | ||
| 653 | 0_ | a | Ключевые слова | гуманизация образования |
| a | Ключевые слова | дидактика | ||
| a | Ключевые слова | личностно ориентированное общение | ||
| a | Ключевые слова | обучение | ||
| a | Ключевые слова | принципы обучения | ||
| a | Ключевые слова | развивающее обучение | ||
| 773 | 08 | t | Заглавие источника | Высшее образование сегодня |
| d | Дата издания источника | 2007 | ||
| g | Прочая информация | № 6. - С. 24 - 29 | ||
| w | Контрольный № источника | RU/IS/BASE/247755150 | ||
| 901 | t | Тип документа | b |